000
00299nam a22001337a 4500
008
181218b xxu||||| |||| 00| 0 eng d
020
_a
038706544
041
_a
eng
080
_a
510
100
_a
39
101
_a
MAT
245
_a
Introduction To Mathematics
_c
Batschelet.e
942
_2
udc
_c
BK
999
_c
53395
_d
53395